Normal view
MARC view
Entry Personal Name
001 - CONTROL NUMBER
- control field: 559226
003 - CONTROL NUMBER IDENTIFIER
- control field: OSt
005 - DATE AND TIME OF LATEST TRANSACTION
- control field: 20220930190646.0
008 - FIXED-LENGTH DATA ELEMENTS
- fixed length control field: 220930|| aca||aabn | a|a d
040 ## - CATALOGING SOURCE
- Original cataloging agency: OSt
- Transcribing agency: OSt
100 ## - HEADING--PERSONAL NAME
- Personal name: Bhutani Ajay Kumar
670 ## - SOURCE DATA FOUND
- Source citation: Work cat.: (OSt)893010: Bhutani Ajay Kumar, Clinico-cystometric evaluation of cases of urinary tract infection with unstable bladder-before and after treatment, 1988
